000 00363 a2200157 4500
001 153991
040 _cEscola São Tomás de Aquino
100 _aGARDNER, Horward
240 1 0 _aA Criança Pre´- Escolar:
_lpor
245 1 0 _aA Criança Pre´- Escolar:
300 _a257
362 0 _a1994
440 1 _aArtes Médicas
697 _aEducação
942 _cBK
999 _c153991
_d153991